00900nam a2200253 a 450000100060000000300080000600500170001400800410003103500190007204000270009104100080011808200250012610000290015124500520018025000120023226000650024430000250030950400370033450500780037165000220044994200120047199900170048395201460050064124BD-RjUL20211209081255.0170109r19541951enka b 001 0 eng d a(BD-RjUL)64254 aDLCcCSUdBD-RjULbeng aeng 223a940.18bRUH 19541 aRunciman, Steven919046512aA history of the Crusades /cby Steven Runciman a1st ed. aLondon :bCambridge University Press,c1951 [Reprinted1954]. aV. :bill. ;c22 cm. aIncludes bibliography and index.0 aV-1.-- The First Crusade and the foundation of the Kingdom of Jerusalem.  0aCrusades.9190466 2ddccBK c64124d64124 00102ddc40718NFICaRUCLbRUCLcReadingd1955-09-29eB.H.Blackwellg1.10l0o940.18 RUH V-1 1954r2017-02-09 00:00:00tC-1w2017-02-09yBK